<?xml version="1.0" encoding="UTF-8"?>
<record
    xmlns:xsi="http://www.w3.org/2001/XMLSchema-instance"
    xsi:schemaLocation="http://www.loc.gov/MARC21/slim http://www.loc.gov/standards/marcxml/schema/MARC21slim.xsd"
    xmlns="http://www.loc.gov/MARC21/slim">

  <leader>00690nam a22002417a 4500</leader>
  <controlfield tag="005">20241209142008.0</controlfield>
  <controlfield tag="008">241209b           ||||| |||| 00| 0 eng d</controlfield>
  <datafield tag="020" ind1=" " ind2=" ">
    <subfield code="a">9788180385971</subfield>
  </datafield>
  <datafield tag="040" ind1=" " ind2=" ">
    <subfield code="c">AL</subfield>
  </datafield>
  <datafield tag="041" ind1=" " ind2=" ">
    <subfield code="a">English</subfield>
  </datafield>
  <datafield tag="082" ind1=" " ind2=" ">
    <subfield code="2">23</subfield>
    <subfield code="a">346.730482</subfield>
    <subfield code="b">NIMN</subfield>
  </datafield>
  <datafield tag="100" ind1=" " ind2=" ">
    <subfield code="a">Melville B Nimmer</subfield>
    <subfield code="9">188940</subfield>
  </datafield>
  <datafield tag="245" ind1=" " ind2=" ">
    <subfield code="a">Nimmer on Copyright : Vol 4</subfield>
  </datafield>
  <datafield tag="260" ind1=" " ind2=" ">
    <subfield code="a">Gurgaon</subfield>
    <subfield code="b">LexisNexis</subfield>
    <subfield code="c">2010</subfield>
  </datafield>
  <datafield tag="300" ind1=" " ind2=" ">
    <subfield code="b">HB</subfield>
    <subfield code="c">25x16 cm.</subfield>
  </datafield>
  <datafield tag="365" ind1=" " ind2=" ">
    <subfield code="a">1060</subfield>
    <subfield code="b">&#x20B9;1658.76</subfield>
    <subfield code="c">&#x20B9;</subfield>
    <subfield code="d">&#x20B9;2272.27</subfield>
    <subfield code="e">27%</subfield>
    <subfield code="f">28-11-2024</subfield>
  </datafield>
  <datafield tag="440" ind1=" " ind2=" ">
    <subfield code="a">Volume 4</subfield>
    <subfield code="9">188917</subfield>
  </datafield>
  <datafield tag="650" ind1=" " ind2=" ">
    <subfield code="a">Law</subfield>
    <subfield code="9">188918</subfield>
  </datafield>
  <datafield tag="650" ind1=" " ind2=" ">
    <subfield code="a">Analysis Chapter 13-20</subfield>
    <subfield code="9">188919</subfield>
  </datafield>
  <datafield tag="700" ind1=" " ind2=" ">
    <subfield code="a">NIMMER (Melville B)</subfield>
    <subfield code="9">188920</subfield>
  </datafield>
  <datafield tag="700" ind1=" " ind2=" ">
    <subfield code="a">NIMMER (David)</subfield>
    <subfield code="9">188921</subfield>
  </datafield>
  <datafield tag="942" ind1=" " ind2=" ">
    <subfield code="2">ddc</subfield>
    <subfield code="c">REF</subfield>
  </datafield>
  <datafield tag="999" ind1=" " ind2=" ">
    <subfield code="c">232346</subfield>
    <subfield code="d">232346</subfield>
  </datafield>
  <datafield tag="952" ind1=" " ind2=" ">
    <subfield code="0">0</subfield>
    <subfield code="1">0</subfield>
    <subfield code="2">ddc</subfield>
    <subfield code="4">0</subfield>
    <subfield code="7">3</subfield>
    <subfield code="8">Law</subfield>
    <subfield code="a">LL</subfield>
    <subfield code="b">LL</subfield>
    <subfield code="d">2024-12-05</subfield>
    <subfield code="e">MPP House,Bengaluru	</subfield>
    <subfield code="g">1658.76</subfield>
    <subfield code="l">0</subfield>
    <subfield code="o">346.730482 NIMN</subfield>
    <subfield code="p">LL000942</subfield>
    <subfield code="r">2024-12-09 00:00:00</subfield>
    <subfield code="v">2272.27</subfield>
    <subfield code="w">2024-12-09</subfield>
    <subfield code="y">REF</subfield>
  </datafield>
</record>
